01385nam a22003977a 4500003000500000005001700005008004100022010001100063011001100074020001800085022001400103035001100117040000900128082001600137110000800153245007200161260002400233300003700257490004000294505003300334590004100367590004100408590004100449590004200490650002500532650002700557650002300584650003300607650002000640830004700660901000700707942001000714949008800724999001900812952015600831CHAP20220817044515.0120227s2011 it a rn 00010 eng d a102853 a103825 a97892510687000 a1020-4695 a114514 cCHAP04a574.5aF21y2 aFAO10aEnvironmental management tool kit for obsolete pesticidesc/por FAO aRome :bFAO ,c2011 axvii, 356 p. :bgráfs., tablas 0aFAO pesticide disposal seriesv; 150 aLa biblioteca tiene : Pte. 3 aBATCH-UPDb10c20130110lUCH01h0940 aBATCH-UPDb10c20130410lUCH01h0557 aBATCH-UPDb10c20130914lUCH01h1334 aCONVERSIONb10c20130109lUCH01h135714aEvaluación.93891314aMedio ambiente.97406514aPesticidas.98753614aPolítica ambiental.99042214aRiesgos.997403 0aFAO pesticide disposal seriesv; 15939435 aBK cLIBRO a574.5 F21y v.15bBCcFAOd33724002319074eFAO1fPte.3gDonaciØnh116604i114514sb c102853d102853 00104053708FAOaBCbBCcPP_FAOd2019-12-31eDonacionfLIBROi127l0o574.5 F21y v.15p33724002319074r2019-12-31 00:00:00tPte.3w2019-12-31yLIBRO